|
|
|
|
| LEADER |
00000nab a2200000 a 4500 |
| 001 |
vtls000841968 |
| 003 |
SK-MaSNL |
| 005 |
20260304213330.0 |
| 008 |
180205c2003 xo 0 slo |
| 015 |
|
|
|a SNBRB2003/08-22262
|
| 035 |
|
|
|a CLN000193623
|
| 040 |
|
|
|a SNKBUCL
|b slo
|c SNKBUCL
|e AACR2
|
| 041 |
0 |
|
|a slo
|
| 044 |
|
|
|a xo
|c SK
|
| 080 |
|
|
|a 349:618.39-089.888
|2 UDC-MRF-SK2
|
| 080 |
|
|
|a 343.62
|2 UDC-MRF-SK2
|
| 100 |
1 |
|
|a Slovák, Emil
|4 ain
|9 838980
|
| 245 |
1 |
0 |
|a Kto si osobuje právo rozhodovaťo tom, kto sa môže narodiť a kto nie?
|b hovoríme s predsedníčkou Výboru Národnej rady SR pre zdravotníctvo a členkou výboru NR SR pre európsku integráciu, poslankyňou Annou Záborskou
|c Emil Slovák
|
| 300 |
|
|
|b Fotogr.
|
| 650 |
0 |
7 |
|a interrupcia
|z Slovensko
|x zákony
|2 snkbucl
|9 867756
|
| 655 |
|
7 |
|a články z novín a časopisov
|2 snkbucl
|9 267496
|
| 700 |
1 |
|
|a Záborská, Anna,
|d 1948-2025
|4 aut
|4 uin
|9 116360
|
| 773 |
0 |
|
|x 1335-7085
|t Fakty
|g Roč. 10, č. 7 (2003), s. 4-5 a 10-11
|
| 850 |
|
|
|a Slovenská národná knižnica v Martine
|
| 852 |
|
|
|a SNK
|b KIS3GCP
|
| 958 |
|
|
|a RBX
|
| 999 |
|
|
|c 3135331
|d 3137261
|